000 00983namaa2200301 a 4500
001 vtls000979077
003 NLI
005 20210627100426.0
008 120209s1979 dcu i000 0 eng
039 9 _y201202091916
_zVLOAD
040 _aNLI
_cVTLS-2010_FOD
_eAACR2
041 0 _aeng
044 _adcu
044 _aProcessed by V T L S
082 0 4 _a363.74
100 1 _aSutherland L.C.
_9920304
245 1 0 _aAnnoyance, loudness, and measurement of repetitive type impulsive noise sources /
_cprepared by L. C. Sutherland, R. E. Burke
260 _aWashington :
_bUnited States Government Printing Office,
_c1979
300 _aVarious pagings :
_bill. ;
_c22 cm.
650 0 _aNoise pollution
_9727840
650 0 _aNoise
_xHealth aspects
_9726750
700 1 _aBurke, R. E.,
_4jt. aut
_9920305
887 _a
901 _aAD87289
_b31.08.2010
902 _aU.S 363.74 Su 84 a
949 _AVIRTUAITEM
_D10000
_X100
_6ADX000087289ENG
942 _2ddc
_cBKS
999 _aVIRTUA40
_c802420
_d802420